| 000 | 00471nam a2200169Ia 4500 | ||
|---|---|---|---|
| 003 | LK-CoDNM | ||
| 008 | 010623t2003 xxu||||| |||| 00| 1 sin d | ||
| 040 |
_aLK-CoDNM _dLK-CoDNM _eLK-CoDNM |
||
| 041 | _asin | ||
| 080 |
_a398 _bGUN |
||
| 100 | _aGunawardena,P.Dayas | ||
| 245 | _aග්රීක රෝම අසිරිමත් කථා 1 | ||
| 246 | _aGreeka Roma Asirimath Katha 1 | ||
| 260 |
_bGunasena _aColombo _c2003 |
||
| 300 | _b94p, 18 cm | ||
| 942 | _cBK | ||
| 999 |
_c122808 _d122808 |
||